| 000 | 00839nam a2200253Ia 4500 | ||
|---|---|---|---|
| 003 | OSt | ||
| 005 | 20221005113320.0 | ||
| 006 | a|||||r|||| 00| 0 | ||
| 007 | ta | ||
| 008 | 221004b |||||||| |||| 00| 0 pan d | ||
| 020 |
_a9788130202785 (hbk) _c400 |
||
| 024 | _a26554 | ||
| 037 |
_b995, 17/12/2015, H.K. Prakashan _cTextual |
||
| 040 |
_aCRL _cCRL _bpan |
||
| 041 |
_2pan _apan |
||
| 082 | _aNR, 153Q4 | ||
| 100 | _aਕੌਰ, ਅਮਰਜੀਤ, ਥਦ. | ||
| 245 | 0 | _aਸੰਗੀਤਕ ਸਾਗ਼ | |
| 260 |
_aਪਟਿਆਲਾ _bਪਬਲੀਕੇFਨ ਬਿਊਰੋ ਭਾਰਤ _c2014 |
||
| 300 |
_a250ਪੰ _ccm. |
||
| 650 |
_aਵਧੀਆ ਕਲਾ _9156314 |
||
| 942 |
_hNR, 153Q4 _cTEXL _2cc |
||
| 999 |
_c1027771 _d1027771 |
||